00297nam a22001217a 4500003000400000082001700004100001800021245004600039260004400085300000800129650001900137653001900156SGT a617.69bR23G aGarg, Tanisha aRehabilitation of mandibulectomy patients aGurugram, HaryanabSGT Universityc2023 a127 aProsthodontics aProsthodontics